| 000 | 00976nam a2200253 i 4500 | ||
|---|---|---|---|
| 001 | 187158 | ||
| 003 | SpMaBN | ||
| 005 | 20250703061659.0 | ||
| 008 | 170426s1930 sp ac |||| |cspa d | ||
| 080 | _a929 Luis(44)XV | ||
| 080 | _a929 Pompadour, J.-A. Poisson, Marquise de | ||
| 080 | _a94(44)"1715/74" | ||
| 100 | 1 |
_aNolhac, Pierre de. _985911 |
|
| 245 | 1 | 0 |
_aLuis XV y Mme. de Pompadour _b: según documentos inéditos / _cpor Pedro de Nolhac ; traducción castellana de Ángel Ruiz y Pablo. |
| 250 | _aEd. ilustrada. | ||
| 260 |
_aBarcelona : _bMontaner y Simón, _c1930. |
||
| 300 |
_a306 p. : _bil., retr. ; _c25 cm. |
||
| 500 | _aÍndice. | ||
| 600 | 0 | 7 |
_aLuis _bXV, _cRey de Francia _2 _9152777 |
| 600 | 1 | 4 |
_aPompadour, Jeanne Antoinette Poisson _cMarquise de. _9140340 |
| 651 | 4 |
_aFrancia- _xHistoria- _y1715-1774, Luis XV. _98683 |
|
| 852 |
_aES-MaACL _jL-31488 _z. - Donat. herederos de la bibl. de Mª del Pilar Costa Palacín |
||
| 999 |
_c187158 _d187158 |
||